[Event "Las Palmas Isla Bonita op 4th"]
[Site "Las Palmas"]
[Date "2019.04.14"]
[Round "3.6"]
[White "Hernandez Capote, Carmen"]
[Black "Rodriguez Lorenzo, Yadira"]
[Result "0-1"]
[WhiteElo "1703"]
[BlackElo "1966"]
[PlyCount "80"]
[EventDate "2019.04.13"]
[EventType "swiss"]
[EventRounds "7"]
[EventCountry "ESP"]
[SourceTitle "CBM 190 Extra"]
[Source "ChessBase"]
[SourceDate "2019.07.15"]
[SourceVersion "1"]
[SourceVersionDate "2019.07.15"]
[SourceQuality "1"]

1. Nf3 Nf6 2. c4 e6 3. g3 d5 4. Bg2 Be7 5. 0-0 0-0 6. d4 Nbd7 7. b3 Re8 8. Bb2 Ne4 9. Nbd2 Nxd2 10. Nxd2 Nf6 11. e4 dxe4 12. Nxe4 Nxe4 13. Bxe4 Bf6 14. Qc2 Bxd4 15. Rad1 e5 16. Bxh7+ Kh8 17. Bf5 c5 18. h4 Qf6 19. Bxc8 Raxc8 20. Bc1 e4 21. Qe2 Qg6 22. Kg2 Rc6 23. h5 Qf5 24. Be3 Qe5 25. Rh1 Rf6 26. h6 g6 27. Bf4 Qf5 28. b4 b6 29. bxc5 bxc5 30. Rb1 g5 31. Rh5 gxf4 32. Rxf5 f3+ 33. Kg1 fxe2 34. Rxf6 Bxf6 35. Re1 Kh7 36. Rxe2 Kxh6 37. f4 Bd4+ 38. Kg2 f5 39. Re1 Rb8 40. Re2 Rb2 0-1

[Event "Las Palmas Insular-chT Pref"]
[Site "Las Palmas"]
[Date "2013.02.23"]
[Round "10.3"]
[White "Rodriguez Lorenzo, Yadira"]
[Black "Natalicchio Escalante, Ricardo Nicolas"]
[Result "0-1"]
[WhiteElo "2036"]
[BlackElo "2195"]
[PlyCount "54"]
[EventDate "2012.11.10"]
[EventType "team-tourn"]
[EventRounds "14"]
[EventCountry "ESP"]
[SourceTitle "EXT 2014"]
[Source "ChessBase"]
[SourceDate "2013.11.20"]
[SourceVersion "1"]
[SourceVersionDate "2013.11.20"]
[SourceQuality "1"]
[WhiteTeam "Grandama"]
[BlackTeam "Hispafrica"]
[WhiteTeamCountry "ESP"]
[BlackTeamCountry "ESP"]

1. e4 g6 2. d4 Bg7 3. Nc3 d6 4. Bg5 a6 5. h3 Nd7 6. Qd2 b5 7. f4 Bb7 8. Nf3 c5 9. 0-0-0 cxd4 10. Nxd4 Ngf6 11. Qe3 b4 12. Nd5 0-0 13. Bc4 Rc8 14. Bb3 Nc5 15. Bxf6 exf6 16. Rhe1 Re8 17. Qf3 f5 18. e5 dxe5 19. fxe5 Rxe5 20. Rxe5 Bxe5 21. Kb1 Nxb3 22. Nxb3 Kg7 23. Qd3 Qd6 24. Na5 Bxd5 25. Qxd5 Qc7 26. Nc4 Bf6 27. Ne3 f4 0-1

[Event "ESP-ch (Women)"]
[Site "Salobrena"]
[Date "2012.08.01"]
[Round "4"]
[White "Perera Borrego, Mariela"]
[Black "Rodriguez Lorenzo, Yadira"]
[Result "1-0"]
[WhiteElo "2066"]
[BlackElo "2022"]
[PlyCount "61"]
[EventDate "2012.07.30"]
[EventType "swiss"]
[EventRounds "7"]
[EventCountry "ESP"]
[SourceTitle "CBM 149 Extra"]
[Source "ChessBase"]
[SourceDate "2012.08.24"]
[SourceVersion "1"]
[SourceVersionDate "2012.08.24"]
[SourceQuality "1"]

1. d4 Nf6 2. Nf3 b5 3. g3 Bb7 4. Bg2 e6 5. Bg5 c5 6. 0-0 Qb6 7. Bxf6 gxf6 8. c3 Be7 9. Nbd2 f5 10. e4 fxe4 11. Ne5 d5 12. Qh5 Rf8 13. Rad1 Nc6 14. dxc5 Qxc5 15. Nb3 Qb6 16. Nxc6 Bxc6 17. Nd4 Bd7 18. Kh1 0-0-0 19. a4 bxa4 20. Qe2 Bc5 21. Rfe1 e5 22. Nc2 Bxf2 23. Rxd5 Bxe1 24. Nxe1 f6 25. Qc4+ Kb7 26. Bxe4 Bc6 27. Rb5 Rd6 28. Rxb6+ axb6 29. Bxc6+ Rxc6 30. Qxa4 Ra8 31. Qe4 1-0

[Event "Las Palmas Montalvo Memorial 5th"]
[Site "Las Palmas"]
[Date "2012.04.06"]
[Round "6"]
[White "Rodriguez Lorenzo, Yadira"]
[Black "Martin Hernandez, Ruben"]
[Result "0-1"]
[WhiteElo "2042"]
[BlackElo "2182"]
[PlyCount "94"]
[EventDate "2012.04.02"]
[EventType "swiss"]
[EventRounds "9"]
[EventCountry "ESP"]
[SourceTitle "CBM 147 Extra"]
[Source "ChessBase"]
[SourceDate "2012.04.24"]
[SourceVersion "1"]
[SourceVersionDate "2012.04.24"]
[SourceQuality "1"]

1. e4 c5 2. Nf3 e6 3. d4 cxd4 4. Nxd4 Nc6 5. Nc3 Qc7 6. Be2 a6 7. Be3 Nf6 8. Nb3 b5 9. a3 Be7 10. 0-0 d6 11. f4 Bb7 12. Bf3 0-0 13. Qe1 b4 14. axb4 Nxb4 15. Qf2 d5 16. e5 Ne4 17. Bxe4 dxe4 18. Nc5 Nxc2 19. N3xe4 Nxa1 20. Rxa1 Bxe4 21. Nxe4 Qc4 22. Nd6 Qb3 23. Bc5 Rfb8 24. Ba3 Qb6 25. Qxb6 Rxb6 26. Rc1 Bd8 27. Re1 Rbb8 28. h3 Bb6+ 29. Kh2 Bd4 30. Re2 Rb3 31. f5 Re3 32. Rxe3 Bxe3 33. fxe6 fxe6 34. Kg3 Bd4 35. Kf4 Rb8 36. Nc4 Rc8 37. b3 Rb8 38. Ke4 Ba1 39. Na5 Bc3 40. Nc6 Rxb3 41. Bd6 Rb1 42. Nd8 Re1+ 43. Kf4 Bxe5+ 44. Bxe5 g5+ 45. Kxg5 Rxe5+ 46. Kf6 Re2 47. g4 a5 0-1

[Event "Las Palmas Insular-chT Primera-B"]
[Site "Las Palmas"]
[Date "2012.03.03"]
[Round "11.2"]
[White "Arana Herrera, Antonio"]
[Black "Rodriguez Lorenzo, Yadira"]
[Result "1-0"]
[WhiteElo "1905"]
[BlackElo "2042"]
[PlyCount "81"]
[EventDate "2011.11.12"]
[EventType "team-tourn"]
[EventRounds "14"]
[EventCountry "ESP"]
[SourceTitle "EXT 2013"]
[Source "ChessBase"]
[SourceDate "2012.11.22"]
[SourceVersion "1"]
[SourceVersionDate "2012.11.22"]
[SourceQuality "1"]
[WhiteTeam "Telde Los Llanos II"]
[BlackTeam "Grandama"]
[WhiteTeamCountry "ESP"]
[BlackTeamCountry "ESP"]

1. Nf3 Nf6 2. g3 b6 3. Bg2 Bb7 4. d3 e6 5. Nbd2 Be7 6. 0-0 0-0 7. e4 d5 8. e5 Nfd7 9. Re1 c5 10. c3 Nc6 11. h4 Qc7 12. Qe2 Rae8 13. Nf1 f6 14. Bh3 Ncxe5 15. Nxe5 fxe5 16. Bxe6+ Kh8 17. Bd2 Bd6 18. Qg4 Nf6 19. Qh3 d4 20. c4 Qc6 21. Bf5 e4 22. dxe4 g6 23. Bh6 gxf5 24. Bxf8 Rxf8 25. e5 Bxe5 26. Rxe5 Ng4 27. Rd5 Qe6 28. Qg2 f4 29. Qf3 Rf7 30. gxf4 Bxd5 31. cxd5 Qh6 32. Re1 Rxf4 33. Re8+ Kg7 34. Qg3 Kf7 35. Ra8 c4 36. Rxa7+ Kf6 37. Rxh7 Qxh7 38. Qxf4+ Qf5 39. Qxd4+ Kg6 40. Ng3 Qf3 41. d6 1-0

[Event "Las Palmas Insular-chT Primera-B"]
[Site "Las Palmas"]
[Date "2012.01.14"]
[Round "5.2"]
[White "Cruz Ramirez, Nauzet"]
[Black "Rodriguez Lorenzo, Yadira"]
[Result "0-1"]
[WhiteElo "1702"]
[BlackElo "2042"]
[PlyCount "56"]
[EventDate "2011.11.12"]
[EventType "team-tourn"]
[EventRounds "14"]
[EventCountry "ESP"]
[SourceTitle "EXT 2013"]
[Source "ChessBase"]
[SourceDate "2012.11.22"]
[SourceVersion "1"]
[SourceVersionDate "2012.11.22"]
[SourceQuality "1"]
[WhiteTeam "Canarias de Vecindario II"]
[BlackTeam "Grandama"]
[WhiteTeamCountry "ESP"]
[BlackTeamCountry "ESP"]

1. d4 Nf6 2. c4 e5 3. dxe5 Ng4 4. Nf3 Bc5 5. e3 Nc6 6. Nc3 0-0 7. Be2 Re8 8. 0-0 Ngxe5 9. Nd4 d6 10. a3 a5 11. b3 Qh4 12. Ndb5 Re6 13. g3 Qh3 14. f4 Rh6 15. Rf2 Ng4 16. Bxg4 Bxg4 17. Qf1 Qh5 18. Nxc7 Rd8 19. N7d5 Re8 20. Bd2 Bf5 21. Na4 Ba7 22. b4 Nd4 23. exd4 Bxd4 24. h4 Rg6 25. Re1 Rxe1 26. Qxe1 Rxg3+ 27. Kh1 Qxh4+ 28. Rh2 Be4+ 0-1

[Event "El Sauzal op 9th"]
[Site "El Sauzal"]
[Date "2008.11.01"]
[Round "3"]
[White "Rodriguez Lorenzo, Yadira"]
[Black "Zozulia, Anna"]
[Result "1-0"]
[WhiteElo "2083"]
[BlackElo "2380"]
[PlyCount "40"]
[EventDate "2008.11.01"]
[EventType "swiss (rapid)"]
[EventRounds "9"]
[EventCountry "ESP"]
[SourceTitle "CBM 127 Extra"]
[Source "ChessBase"]
[SourceDate "2009.01.08"]
[SourceVersion "2"]
[SourceVersionDate "2009.01.28"]
[SourceQuality "1"]

1. e4 g6 2. d4 Bg7 3. Nc3 c6 4. h3 d6 5. f4 b5 6. Nf3 b4 7. Nb1 Nf6 8. Bd3 0-0 9. 0-0 Ba6 10. Qe1 Bxd3 11. cxd3 c5 12. e5 Nd5 13. e6 f5 14. dxc5 dxc5 15. Qh4 Qd6 16. Re1 Nc6 17. Ng5 Nf6 18. Nd2 Qxd3 19. Ndf3 Nh5 20. Be3 Nd4 1-0

[Event "ESP-ch (Women)"]
[Site "Novetle"]
[Date "2008.08.06"]
[Round "4"]
[White "Rodriguez Lorenzo, Yadira"]
[Black "Vega Gutierrez, Belinda Vidina"]
[Result "0-1"]
[WhiteElo "1984"]
[BlackElo "2129"]
[PlyCount "78"]
[EventDate "2008.08.03"]
[EventType "swiss"]
[EventRounds "7"]
[EventCountry "ESP"]
[SourceTitle "CBM 125 Extra"]
[Source "ChessBase"]
[SourceDate "2008.09.01"]
[SourceVersion "1"]
[SourceVersionDate "2008.09.01"]
[SourceQuality "1"]

1. e4 e5 2. Nf3 Nc6 3. Nc3 Nf6 4. g3 d5 5. exd5 Nxd5 6. Bg2 Bg4 7. h3 Bh5 8. g4 Nf4 9. 0-0 Nxg2 10. Kxg2 Bg6 11. Nxe5 Nxe5 12. Re1 Qd4 13. f4 0-0-0 14. fxe5 Bc5 15. Qf3 Bxc2 16. d3 Qxd3 17. Be3 Bxe3 18. Rxe3 Qc4 19. Qf2 Bg6 20. a4 a6 21. Kg1 Qc5 22. Rc1 Rd7 23. Ne2 Qa7 24. b4 Rhd8 25. Rc5 Qb6 26. Rb3 Rd3 27. a5 Qe6 28. Rxd3 Rxd3 29. Nf4 Rd1+ 30. Kh2 Qd7 31. e6 fxe6 32. Kg3 Qd6 33. Kh4 Be8 34. Qe3 Bf7 35. Re5 h6 36. g5 Qd4 37. g6 Bxg6 38. Rxe6 Bf7 39. Re7 g5+ 0-1

[Event "ESP-ch U18"]
[Site "Padron"]
[Date "2008.07.30"]
[Round "6"]
[White "Varona Poncela, Tomas"]
[Black "Rodriguez Lorenzo, Yadira"]
[Result "1-0"]
[WhiteElo "2064"]
[BlackElo "1984"]
[PlyCount "45"]
[EventDate "2008.07.27"]
[EventType "swiss"]
[EventRounds "9"]
[EventCountry "ESP"]
[SourceTitle "CBM 125 Extra"]
[Source "ChessBase"]
[SourceDate "2008.09.01"]
[SourceVersion "1"]
[SourceVersionDate "2008.09.01"]
[SourceQuality "1"]

1. f4 g6 2. e4 d6 3. Nf3 Bg7 4. d4 c5 5. c3 Nf6 6. Bd3 0-0 7. 0-0 Nc6 8. d5 Nb8 9. c4 e6 10. e5 Ne8 11. Nc3 Na6 12. a3 Nac7 13. Bc2 a6 14. Be3 b5 15. exd6 Qxd6 16. Ne4 Qd7 17. d6 Bxb2 18. Ne5 Bxe5 19. fxe5 bxc4 20. dxc7 Qxc7 21. Bxc5 Qxe5 22. Bxf8 Bb7 23. Bd6 1-0

[Event "ESP-ch U18"]
[Site "Padron"]
[Date "2008.07.29"]
[Round "4"]
[White "Rodriguez Lorenzo, Yadira"]
[Black "Ladron de Guevara Pinto, Fermin Gabriel"]
[Result "1-0"]
[WhiteElo "1984"]
[BlackElo "2074"]
[PlyCount "97"]
[EventDate "2008.07.27"]
[EventType "swiss"]
[EventRounds "9"]
[EventCountry "ESP"]
[SourceTitle "CBM 125 Extra"]
[Source "ChessBase"]
[SourceDate "2008.09.01"]
[SourceVersion "1"]
[SourceVersionDate "2008.09.01"]
[SourceQuality "1"]

1. e4 e6 2. Nf3 d5 3. Nc3 Nf6 4. e5 Nfd7 5. d4 c5 6. dxc5 Nc6 7. Bf4 Bxc5 8. Bd3 f6 9. exf6 Nxf6 10. 0-0 0-0 11. Qe2 Bd7 12. Rae1 Qe7 13. Bg3 a6 14. a3 b5 15. Bh4 Rae8 16. Kh1 Qd8 17. Ne5 Nxe5 18. Qxe5 Qb6 19. f4 Bd6 20. Qg5 Qc7 21. Rf3 Bc6 22. Ne2 Ne4 23. Qg4 Bc5 24. Rh3 Rf7 25. Rf1 Bd7 26. Bg3 e5 27. f5 Nxg3+ 28. Qxg3 Qd8 29. c3 e4 30. Bc2 Bxf5 31. Rh5 Bd6 32. Qe3 Bg6 33. Rxf7 Bxh5 34. Rf5 Qh4 35. g3 Qg4 36. Rxd5 Qg6 37. Rg5 Bf3+ 38. Kg1 Qf6 39. Nd4 h6 40. Rf5 Qg6 41. Bb3+ Kh7 42. Bf7 Qg4 43. Rxf3 Re7 44. Rf1 Re5 45. Bb3 Qh3 46. Bd1 h5 47. Qf4 h4 48. Qxh4+ Qxh4 49. gxh4 1-0

[Event "Santa Lucia op 2nd"]
[Site "Santa Lucia"]
[Date "2008.07.17"]
[Round "4.15"]
[White "Rodriguez Lorenzo, Yadira"]
[Black "Marrero Lopez, Agustin"]
[Result "1/2-1/2"]
[WhiteElo "1984"]
[BlackElo "1965"]
[PlyCount "71"]
[EventDate "2008.07.14"]
[EventType "swiss"]
[EventRounds "7"]
[EventCountry "ESP"]
[SourceTitle "EXT 2024"]
[Source "ChessBase"]
[SourceDate "2023.10.10"]
[SourceVersion "1"]
[SourceVersionDate "2023.10.10"]
[SourceQuality "1"]

1. e4 e5 2. Nf3 Nc6 3. c3 Bc5 4. d4 exd4 5. cxd4 Bb4+ 6. Nc3 d6 7. d5 Bxc3+ 8. bxc3 Nb8 9. Bd3 Nd7 10. Nd4 Nc5 11. 0-0 Bd7 12. Bc2 Ne7 13. f4 c6 14. c4 Qc7 15. Qh5 Ng6 16. Bd2 0-0-0 17. a4 Rde8 18. Rfe1 Qb6 19. Rab1 Qc7 20. a5 a6 21. Rb6 Re7 22. Bb4 cxd5 23. cxd5 Nxf4 24. Qg5 Ng6 25. Bb1 f6 26. Qd2 Rhe8 27. Rc1 Kb8 28. Bxc5 dxc5 29. Nc6+ Ka8 30. Nxe7 Nxe7 31. Qf2 c4 32. Bc2 Bb5 33. d6 Qb8 34. Qd4 Nc8 35. Rxb5 axb5 36. Qd5 1/2-1/2

[Event "La Laguna op 2nd"]
[Site "La Laguna"]
[Date "2008.04.22"]
[Round "2"]
[White "Zozulia, Anna"]
[Black "Rodriguez Lorenzo, Yadira"]
[Result "0-1"]
[WhiteElo "2332"]
[BlackElo "1950"]
[PlyCount "116"]
[EventDate "2008.04.21"]
[EventType "swiss"]
[EventRounds "9"]
[EventCountry "ESP"]
[SourceTitle "CBM 123 Extra"]
[Source "ChessBase"]
[SourceDate "2008.05.06"]
[SourceVersion "1"]
[SourceVersionDate "2008.05.06"]
[SourceQuality "1"]

1. e4 e6 2. d4 d5 3. Nd2 Be7 4. Bd3 dxe4 5. Nxe4 Nf6 6. Nxf6+ Bxf6 7. Nf3 c5 8. dxc5 Qc7 9. 0-0 Nd7 10. c6 bxc6 11. Qe2 Nc5 12. Bc4 Rb8 13. c3 0-0 14. Be3 Na4 15. Bb3 Nb6 16. Rad1 c5 17. Ng5 Bb7 18. Qg4 Bd5 19. c4 Bxg5 20. Bxg5 f5 21. Qe2 Ba8 22. Qxe6+ Kh8 23. Rfe1 h6 24. Be7 Rbe8 25. Qd6 Qb7 26. f3 Nc8 27. Qd7 Nxe7 28. Ba4 Qxb2 29. Rxe7 Rxe7 30. Qxe7 Rg8 31. Qxc5 Qxa2 32. Bd7 Qc2 33. Qd6 a5 34. c5 Rd8 35. Re1 Qc3 36. Qe7 Qd4+ 37. Kf1 Qd3+ 38. Kf2 Rxd7 39. Qe8+ Kh7 40. Qxa8 Qd4+ 41. Kf1 Qxc5 42. Qe8 Qb5+ 43. Qe2 Qxe2+ 44. Rxe2 Ra7 45. Ra2 a4 46. Ra3 Kg6 47. Ke2 f4 48. Kd3 Kf5 49. Kd4 g5 50. g4+ fxg3 51. hxg3 h5 52. Ke3 h4 53. Kf2 Ra6 54. Kg2 hxg3 55. Kxg3 Ra5 56. Kh3 Ke5 57. Kg4 Kd4 58. Ra1 a3 0-1

[Event "ESP-ch (Women)"]
[Site "Ciudad Real"]
[Date "2007.10.09"]
[Round "2"]
[White "Rodriguez Lorenzo, Yadira"]
[Black "Alcaraz Soriano, Angela"]
[Result "0-1"]
[WhiteElo "1905"]
[BlackElo "1997"]
[PlyCount "96"]
[EventDate "2007.10.08"]
[EventType "swiss"]
[EventRounds "7"]
[EventCountry "ESP"]
[SourceTitle "CBM 120 Extra"]
[Source "ChessBase"]
[SourceDate "2007.11.01"]
[SourceVersion "1"]
[SourceVersionDate "2007.11.01"]
[SourceQuality "1"]

1. e4 c5 2. Nf3 d6 3. d4 Nf6 4. Nc3 cxd4 5. Nxd4 a6 6. Be2 e5 7. Nb3 Be6 8. 0-0 Be7 9. Be3 0-0 10. a4 b6 11. Qd2 Nbd7 12. f4 Qc7 13. Nd5 Bxd5 14. exd5 Ne4 15. Qd1 f5 16. fxe5 dxe5 17. c4 Kh8 18. a5 f4 19. Bf2 Nxf2 20. Rxf2 Nc5 21. Rf3 Ne4 22. Bd3 Ng5 23. Nd2 Bc5+ 24. Kh1 Bd4 25. Ne4 Nxe4 26. Bxe4 Rab8 27. Qc2 h6 28. axb6 Qxb6 29. Rb1 a5 30. b3 Qb4 31. Qe2 Rb6 32. Bc2 Qd6 33. Rh3 Rf6 34. Qg4 Qf8 35. Qf3 Qe8 36. Qe4 Rg6 37. Qe1 Ra6 38. Bd3 Bc5 39. Bxg6 Qxg6 40. Qd1 e4 41. Qh5 Kh7 42. Rd1 Qf6 43. Qe2 e3 44. Rh5 g6 45. Rh3 Rb6 46. Qd3 Qf5 47. Rf3 Qxd3 48. Rxd3 e2 0-1

[Event "La Laguna op 1st"]
[Site "La Laguna"]
[Date "2007.03.10"]
[Round "7"]
[White "Gonzalez Marrero, Jacob"]
[Black "Rodriguez Lorenzo, Yadira"]
[Result "1-0"]
[WhiteElo "2306"]
[BlackElo "1933"]
[PlyCount "65"]
[EventDate "2007.03.05"]
[EventType "swiss"]
[EventRounds "9"]
[EventCountry "ESP"]
[SourceTitle "CBM 117 Extra"]
[Source "ChessBase"]
[SourceDate "2007.05.09"]
[SourceVersion "1"]
[SourceVersionDate "2007.05.09"]
[SourceQuality "1"]

1. d4 Nf6 2. Nf3 e6 3. g3 b5 4. Bg2 Bb7 5. Qd3 a6 6. Nbd2 c5 7. c3 cxd4 8. cxd4 Bb4 9. 0-0 0-0 10. e4 d5 11. e5 Ne4 12. a3 Ba5 13. Nh4 Nxd2 14. Bxd2 Bb6 15. Bb4 Re8 16. Rfc1 f6 17. f4 Nd7 18. Bd6 Rc8 19. Rxc8 Qxc8 20. b3 Qc6 21. Bh3 Nf8 22. Re1 f5 23. g4 g6 24. gxf5 exf5 25. Kh1 Ne6 26. Bxf5 gxf5 27. Rg1+ Kh8 28. Qxf5 Bd8 29. Ng6+ hxg6 30. Qxg6 Ng5 31. fxg5 Be7 32. Qh6+ Kg8 33. g6 1-0

[Event "La Laguna op 1st"]
[Site "La Laguna"]
[Date "2007.03.07"]
[Round "3"]
[White "Hernandez Leon, Alberto"]
[Black "Rodriguez Lorenzo, Yadira"]
[Result "1-0"]
[WhiteElo "2227"]
[BlackElo "1933"]
[PlyCount "83"]
[EventDate "2007.03.05"]
[EventType "swiss"]
[EventRounds "9"]
[EventCountry "ESP"]
[SourceTitle "CBM 117 Extra"]
[Source "ChessBase"]
[SourceDate "2007.05.09"]
[SourceVersion "1"]
[SourceVersionDate "2007.05.09"]
[SourceQuality "1"]

1. e4 c5 2. Nf3 d6 3. d4 cxd4 4. Nxd4 Nf6 5. Nc3 a6 6. Bg5 e6 7. f4 Be7 8. Qf3 Qc7 9. 0-0-0 Nbd7 10. g4 b5 11. Bxf6 Nxf6 12. g5 Nd7 13. f5 Nc5 14. f6 gxf6 15. gxf6 Bf8 16. Rg1 h5 17. Bh3 b4 18. Nd5 exd5 19. exd5 Nd7 20. Rde1+ Ne5 21. Rxe5+ dxe5 22. d6 Qa7 23. d7+ Bxd7 24. Bxd7+ Kxd7 25. Qc6+ Kd8 26. Ne6+ fxe6 27. Rd1+ Qd4 28. Rxd4+ exd4 29. Qxa8+ Kc7 30. Qa7+ Kc6 31. Qxd4 Bc5 32. Qe5 Rd8 33. Qxe6+ Rd6 34. Qe4+ Kb6 35. Qe5 h4 36. c4 bxc3 37. bxc3 Rc6 38. Qb8+ Ka5 39. f7 Bd6 40. Qxd6 Rxd6 41. f8Q Rc6 42. Qb4# 1-0

[Event "La Laguna op 1st"]
[Site "La Laguna"]
[Date "2007.03.05"]
[Round "1"]
[White "Mchedlishvili, Mikheil"]
[Black "Rodriguez Lorenzo, Yadira"]
[Result "1-0"]
[WhiteElo "2583"]
[BlackElo "1933"]
[PlyCount "31"]
[EventDate "2007.03.05"]
[EventType "swiss"]
[EventRounds "9"]
[EventCountry "ESP"]
[SourceTitle "CBM 117 Extra"]
[Source "ChessBase"]
[SourceDate "2007.05.09"]
[SourceVersion "1"]
[SourceVersionDate "2007.05.09"]
[SourceQuality "1"]

1. d4 Nf6 2. c4 e6 3. Nc3 Bb4 4. Nf3 0-0 5. Bg5 d5 6. cxd5 exd5 7. e3 c6 8. Bd3 Bg4 9. Qc2 h6 10. Bh4 Be7 11. Ne5 Be6 12. 0-0-0 c5 13. dxc5 Na6 14. Bxa6 bxa6 15. Nc6 Qc7 16. Nxe7+ 1-0